Understanding globalisation : (Record no. 1429747)

MARC details
000 -LEADER
fixed length control field 02045nam a2200241Ia 4500
005 - DATE AND TIME OF LATEST TRANSACTION
control field 20250604150938.0
008 - FIXED-LENGTH DATA ELEMENTS--GENERAL INFORMATION
fixed length control field 008 250516s9999 xx 000 0 eng d
020 ## - INTERNATIONAL STANDARD BOOK NUMBER
International Standard Book Number 9781032780917
040 ## - CATALOGING SOURCE
Original cataloging agency SDCL
Language of cataloging eng
Transcribing agency SDCL
041 ## - LANGUAGE CODE
Language code of text/sound track or separate title eng
Source of code eng
084 ## - COLON CLASSIFICATION NUMBER
Classification number X:77.2'P R4
Assigning agency SDCL
245 #0 - TITLE STATEMENT
Title Understanding globalisation :
Remainder of title Challenges and prospects
260 ## - PUBLICATION, DISTRIBUTION, ETC.
Place of publication, distribution, etc. London :
Name of publisher, distributor, etc. Routledge,
Date of publication, distribution, etc. 2024.
300 ## - PHYSICAL DESCRIPTION
Extent xvii, 324p.
365 ## - TRADE PRICE
Price type code INR
Price amount 1595
520 ## - SUMMARY, ETC.
Summary, etc. The book examines contemporary globalisation, which signifies a growing interconnectedness between people and societies across the world through increasing flows of people, goods, services, finance, and ideas across the borders. The concept of globalisation and its meaning is discussed through insights from scholars such as David Held, Anthony Giddens, David Harvey, Arjun Appadurai, Ulrich Beck, Manuel Castells, Saskia Sassen, and many other scholars to explain divergent perspectives of globalisation. The book also studies threats like nuclear weapons proliferation, global terrorism, environmental security issues, global justice, poverty, migration, and global shifts. It aims to generate readers’ interest in understanding globalisation and analysing the changing dynamics of world politics by studying it from diverse viewpoints.<br/><br/>The emergence of COVID-19 and resurgence of great power politics has given rise to the debate of de-globalisation and return of a new kind of ‘cold war’. In this context, this volume will also help readers to understand globalisation in the present changing world order.<br/><br/>The book will be useful to the students of political science, international relations, and other interdisciplinary social sciences subjects like political economy and global/international politics.
650 ## - SUBJECT ADDED ENTRY--TOPICAL TERM
Topical term or geographic name entry element Political Science / General
650 ## - SUBJECT ADDED ENTRY--TOPICAL TERM
Topical term or geographic name entry element Political Science / Geopolitics
9 (RLIN) 811763
650 ## - SUBJECT ADDED ENTRY--TOPICAL TERM
Topical term or geographic name entry element Political Science / Public Policy / Economic Policy
9 (RLIN) 811197
700 ## - ADDED ENTRY--PERSONAL NAME
Personal name Jindal, Nirmal
9 (RLIN) 809692
700 ## - ADDED ENTRY--PERSONAL NAME
Personal name Kamal Kumar
942 ## - ADDED ENTRY ELEMENTS (KOHA)
Koha item type Textual
Source of classification or shelving scheme Colon Classification (CC)
Suppress in OPAC No
Holdings
Withdrawn status Lost status Source of classification or shelving scheme Damaged status Not for loan Home library Current library Date acquired Source of acquisition Inventory number Total Checkouts Full call number Barcode Date last seen Price effective from Koha item type
    Colon Classification (CC)     South Campus Library South Campus Library 2025-05-22 Pioneer Book Distributor 65, 11/12/2024   X:77.2'P R4 SC1690813 2025-05-22 2025-05-22 Textual
Copyright @ Delhi University Library System